HISTORICAL LINGUISTIST & INDO -ARYAN LANGUAGE (Record no. 825)
[ view plain ]
| 000 -LEADER | |
|---|---|
| fixed length control field | 00434cam a2200169ua 4500 |
| 008 - FIXED-LENGTH DATA ELEMENTS--GENERAL INFORMATION | |
| fixed length control field | 120112n II |||gr||||Z||||||eng |
| 040 ## - CATALOGING SOURCE | |
| Original cataloging agency | MAIN |
| 041 ## - LANGUAGE CODE | |
| -- | English |
| 082 ## - DEWEY DECIMAL CLASSIFICATION NUMBER | |
| Classification number | 417 GHA |
| 100 ## - MAIN ENTRY--PERSONAL NAME | |
| Personal name | GHATAGE, A.M. |
| 245 ## - TITLE STATEMENT | |
| Title | HISTORICAL LINGUISTIST & INDO -ARYAN LANGUAGE |
| 260 ## - PUBLICATION, DISTRIBUTION, ETC. | |
| Place of publication, distribution, etc. | BOMBAY: |
| Name of publisher, distributor, etc. | UNIVERSITY OF BOMBAY, |
| Date of publication, distribution, etc. | 1962. |
| 300 ## - PHYSICAL DESCRIPTION | |
| Extent | 157: |
| Dimensions | 20CM. |
| 942 ## - ADDED ENTRY ELEMENTS (KOHA) | |
| Koha item type | Books |
| 653 ## - INDEX TERM--UNCONTROLLED | |
| Uncontrolled term | Dialectology & historical linguistics |
| Withdrawn status | Lost status | Damaged status | Not for loan | Collection code | Home library | Current library | Shelving location | Date acquired | Full call number | Barcode | Date last seen | Copy number | Price effective from | Koha item type | Public note |
|---|---|---|---|---|---|---|---|---|---|---|---|---|---|---|---|
| REFHIS | Central Library and Information Centre Sibsagar Girls College | Central Library and Information Centre Sibsagar Girls College | Rare & Special Books | 19.04.1967 | 417 GHA | 00901 | 27.02.2020 | 1 | 27.02.2020 | Books | V |